Predčasná puberta - možnosti diagnostiky a liečby

Bibliographic Details
Main Authors: Čiljaková, M. (Author), Petríková, M. (Author), Michnová, Z. (Author)
Format: Article
Language:Slovak
ISBN:9788088866497

MARC

LEADER 00000naa a2200000uu 4500
001 vtls010963114
003 SK-MaSNL
005 20260302121346.0
008 210907|2007 xo |||||||||||||||||slo|
015 |a SNBRA 
035 |a (urnnbn)urn:nbn:sk:snk:ar-a0btk6 
035 |a (uuid)29c19700-f3be-4c02-917f-f8a5120b433f 
035 |a urn:nbn:sk:snk-aaul2m 
040 |a SNKBUCL  |b slo  |c SNKBUCL  |e AACR2 
041 0 |a slo 
044 |a xo  |c SK 
100 1 |a Čiljaková, M.  |4 aut  |9 781746 
245 1 0 |a Predčasná puberta - možnosti diagnostiky a liečby  |c M. Čiljaková, M. Petríková, Z. Michnová 
700 1 |a Petríková, M.  |4 aut  |9 781757 
700 1 |a Michnová, Z.  |4 aut  |9 781739 
773 0 |t Diagnostika a terapia v pediatrii  |d V Bratislave : Univerzita Komenského ; V Martine : Jesseniova lekárska fakulta, 2007  |g S. 65-67  |z 9788088866497 
958 |a OND 
958 |a article11 
958 |a chapter 
999 |c 1273721  |d 1275651